[Event "Norway Chess - Lampo iniziale"]
[Site "Stavanger"]
[Date "05.06.2017"][Round "L6"]
[White "Aronian, Levon"]
[Black "Karjakin, Sergey"]
[Result "1-0"]
[WhiteTitle "GM"]
[BlackTitle "GM"]
[WhiteElo "2793"]
[BlackElo "2781"]
[WhiteFideId "13300474"]
[BlackFideId "14109603"]
[EventDate "2017.06.05"]

1. Nf3 Nf6 2. g3 c5 3. Bg2 Nc6 4. O-O e5 5. e4 Be7 6. Nc3 O-O 7. d3 d6 8. Kh1
Bd7 9. Ng1 Nd4 10. f4 exf4 11. gxf4 Bc6 12. Nce2 Nxe2 13. Nxe2 Re8 14. c4 b5 15.
b3 Rb8 16. Nc3 bxc4 17. bxc4 Nd7 18. Bd2 Bf6 19. Rc1 Rb2 20. Rc2 Qb6 21. a4 a6
22. Bc1 Rb3 23. Nd5 Bxd5 24. cxd5 Bd4 25. Re2 Rb1 26. Bf3 g6 27. Qc2 Rb8 28. Kg2
Qb3 29. Rd1 Ra1 30. Qxb3 Rxb3 31. Rc2 Rbb1 32. Kf1 Nb6 33. a5 Na4 34. e5 Nc3 35.
Re1 dxe5 36. d6 Kf8 37. fxe5 Rxa5 38. Rxc3 Bxc3 39. Bh6+ 1-0

[Event "Norway Chess - Lampo iniziale"]
[Site "Stavanger"]
[Date "05.06.2017"][Round "L6"]
[White "Giri, Anish"]
[Black "So, Wesley"]
[Result "0-1"]
[WhiteTitle "GM"]
[BlackTitle "GM"]
[WhiteElo "2771"]
[BlackElo "2812"]
[WhiteFideId "24116068"]
[BlackFideId "5202213"]
[EventDate "2017.06.05"]

1. Nf3 d5 2. g3 Nf6 3. Bg2 e6 4. O-O Be7 5. c4 O-O 6. b3 b6 7. Bb2 Bb7 8. e3 c5
9. Nc3 dxc4 10. bxc4 Nc6 11. Qe2 Rc8 12. Ne1 Qd7 13. f4 Rfd8 14. Rd1 Na5 15.
Bxb7 Qxb7 16. d3 a6 17. a4 Ne8 18. f5 Bf6 19. fxe6 fxe6 20. Ng2 Qd7 21. Nf4 Nc6
22. Nh5 Be5 23. Ne4 Qe7 24. Ba3 Nd6 25. Qg4 Nf5 26. Rf3 Kh8 27. Ng5 Rf8 28. Rdf1
Nxe3 29. Rxe3 Bd4 30. Bc1 Ne5 31. Qh4 Ng6 32. Qg4 Ne5 33. Qh4 h6 34. Ne4 Qxh4
35. gxh4 Ng4 36. Re1 Rf3 37. Kg2 Rxe3 38. Bxe3 Nxe3+ 39. Kf3 Rf8+ 40. Ke2 Nc2
41. Rb1 Nb4 42. Nhg3 Rf4 43. Nd2 Rxh4 44. Nf3 Rf4 45. Ne4 Nxd3 46. Nxd4 Rxe4+
47. Kxd3 Rxd4+ 48. Kc3 Rd6 49. Re1 Kg8 0-1

[Event "Norway Chess - Lampo iniziale"]
[Site "Stavanger"]
[Date "05.06.2017"][Round "L7"]
[White "Kramnik, Vladimir"]
[Black "Carlsen, Magnus"]
[Result "1/2-1/2"]
[WhiteTitle "GM"]
[BlackTitle "GM"]
[WhiteElo "2808"]
[BlackElo "2832"]
[WhiteFideId "4101588"]
[BlackFideId "1503014"]
[EventDate "2017.06.05"]

1. Nf3 g6 2. e4 d6 3. d4 Nf6 4. Nc3 Bg7 5. Be2 O-O 6. O-O a6 7. Re1 Nc6 8. d5
Na7 9. Bg5 h6 10. Be3 b5 11. a3 Bb7 12. Qd2 Kh7 13. Rad1 c6 14. Bxa7 Rxa7 15.
dxc6 Bxc6 16. e5 Ne8 17. Qe3 Rb7 18. Nd4 Bd7 19. Bf3 Rc7 20. exd6 exd6 21. Nd5
Rc5 22. c3 Nf6 23. Nxf6+ Qxf6 24. Qe7 Rd8 25. Nb3 Qxe7 26. Rxe7 Re5 27. Rxe5
Bxe5 28. Na5 Rc8 29. g3 Kg7 30. Kg2 Rc7 31. Nb7 Kf8 32. Nxd6 a5 33. Nxb5 Bxb5
34. Rd5 Bxc3 35. bxc3 Bc6 36. Rd3 Bxf3+ 37. Kxf3 Rc4 38. Ke3 Ke7 39. Kd2 Ra4 40.
Kc2 Rxa3 41. Kb2 Ra4 42. Kb3 Ra1 43. h4 g5 44. hxg5 hxg5 45. Rd5 f6 46. Rf5 Ke6
47. g4 Rb1+ 48. Ka4 Ra1+ 49. Kb3 Rb1+ 50. Kc2 Rf1 51. f3 a4 52. Kb2 Rf2+ 53. Ka3
Rc2 54. Kb4 a3 55. Ra5 a2 56. Kb3 Rf2 57. Rxa2 Rxf3 58. Re2+ Kd5 59. Rd2+ Ke5
60. Rg2 Ke4 61. Kb4 Rf4 62. c4 Kf3 63. Rg1 Kf2 64. Rc1 Rxg4 65. Kb5 Re4 66. c5
g4 67. c6 Re8 68. Rc5 Rf8 69. c7 g3 70. Rf5+ Ke3 71. Rxf6 Rc8 72. Kc6 Rxc7+ 1/2-1/2

[Event "Norway Chess - Lampo iniziale"]
[Site "Stavanger"]
[Date "05.06.2017"][Round "L7"]
[White "Karjakin, Sergey"]
[Black "Giri, Anish"]
[Result "1-0"]
[WhiteTitle "GM"]
[BlackTitle "GM"]
[WhiteElo "2781"]
[BlackElo "2771"]
[WhiteFideId "14109603"]
[BlackFideId "24116068"]
[EventDate "2017.06.05"]

1. d4 Nf6 2. Bf4 g6 3. Nc3 d5 4. e3 Bg7 5. h4 c6 6. Nf3 Bg4 7. Be2 Nbd7 8. Ne5
Bxe2 9. Qxe2 h5 10. O-O-O Qa5 11. Kb1 Rc8 12. e4 dxe4 13. Nxe4 Nxe4 14. Qxe4 Nf6
15. Qe2 O-O 16. g4 Rfd8 17. gxh5 Nxh5 18. Bg5 Qc7 19. Rhe1 Bf6 20. Rg1 Bxe5 21.
dxe5 Rxd1+ 22. Rxd1 Rd8 23. Rg1 Ng7 24. h5 Nxh5 25. e6 Qd6 26. exf7+ Kxf7 27. a3
Qe6 28. Qf3+ Ke8 29. Qh1 Rd5 30. Be3 a6 31. Bc1 Qf5 32. Qg2 Kf7 33. Re1 Rd4 34.
f3 Rd6 35. Rg1 c5 36. Qe2 Qe6 37. Qf2 Rd5 38. Re1 Re5 39. Rd1 b6 40. Qf1 Re2 41.
Rd8 Re1 42. Qd3 Ng7 43. Qd2 Nf5 44. Qh2 1-0

[Event "Norway Chess - Lampo iniziale"]
[Site "Stavanger"]
[Date "05.06.2017"][Round "L7"]
[White "Vachier-Lagrave, Maxime"]
[Black "Aronian, Levon"]
[Result "1/2-1/2"]
[WhiteTitle "GM"]
[BlackTitle "GM"]
[WhiteElo "2796"]
[BlackElo "2793"]
[WhiteFideId "623539"]
[BlackFideId "13300474"]
[EventDate "2017.06.05"]

1. e4 e5 2. Nf3 Nc6 3. Bb5 a6 4. Ba4 Nf6 5. O-O Be7 6. Re1 b5 7. Bb3 O-O 8. c3
d5 9. exd5 Nxd5 10. Nxe5 Nxe5 11. Rxe5 c6 12. d3 Bd6 13. Re1 Bf5 14. Qf3 Qh4 15.
g3 Qh3 16. Be3 Bxd3 17. Nd2 Qf5 18. a4 h6 19. Bd4 Rfe8 20. Kg2 Qxf3+ 21. Nxf3
Bf5 22. axb5 axb5 23. Rxa8 Rxa8 24. Be5 Bc5 25. Nd4 Bd7 26. Nxb5 Re8 27. Bxd5
cxd5 28. Nc7 Re7 29. Nxd5 Bc6 30. c4 Bd4 31. f4 f6 32. Kf1 Bxd5 33. Bxd4 Bxc4+
34. Kf2 Rxe1 35. Kxe1 Kf7 36. Kd2 Ke6 37. Kc3 Kd5 38. b4 h5 39. Bc5 f5 1/2-1/2

[Event "Norway Chess - Lampo iniziale"]
[Site "Stavanger"]
[Date "05.06.2017"][Round "L8"]
[White "Carlsen, Magnus"]
[Black "Caruana, Fabiano"]
[Result "1-0"]
[WhiteTitle "GM"]
[BlackTitle "GM"]
[WhiteElo "2832"]
[BlackElo "2808"]
[WhiteFideId "1503014"]
[BlackFideId "2020009"]
[EventDate "2017.06.05"]

1. d4 Nf6 2. Bf4 d5 3. Nc3 a6 4. e3 e6 5. g4 c5 6. g5 Nfd7 7. Nf3 Nc6 8. a3 b5
9. h4 Bb7 10. h5 Nb6 11. Ne5 Nxe5 12. Bxe5 Nc4 13. Bxc4 dxc4 14. Rg1 f6 15. Bf4
Qd7 16. h6 O-O-O 17. Qe2 cxd4 18. exd4 Qxd4 19. Rd1 Qxf4 20. Qxe6+ Kc7 21. Qf7+
Be7 22. Qxe7+ Kc8 23. hxg7 Rxd1+ 24. Nxd1 Rg8 25. Qf8+ Kc7 26. Qxg8 1-0

[Event "Norway Chess - Lampo iniziale"]
[Site "Stavanger"]
[Date "05.06.2017"][Round "L8"]
[White "Karjakin, Sergey"]
[Black "Vachier-Lagrave, Maxime"]
[Result "1-0"]
[WhiteTitle "GM"]
[BlackTitle "GM"]
[WhiteElo "2781"]
[BlackElo "2796"]
[WhiteFideId "14109603"]
[BlackFideId "623539"]
[EventDate "2017.06.05"]

1. d4 Nf6 2. Bf4 b6 3. e3 Bb7 4. Nf3 g6 5. c4 Bg7 6. Nc3 O-O 7. h3 d5 8. Qb3 e6
9. cxd5 Nxd5 10. Nxd5 Bxd5 11. Bc4 Bxf3 12. gxf3 Nd7 13. O-O c5 14. d5 e5 15.
Bg3 Qf6 16. Kg2 Qd6 17. a4 a6 18. Qd3 f5 19. Rfe1 Nb8 20. f4 e4 21. Qe2 Nd7 22.
Bxa6 Bxb2 23. Rab1 Bc3 24. Red1 Nf6 25. Bb7 Rxa4 26. Qb5 Rb4 27. Qc6 Rd8 28. Bh4
Kf7 29. Rbc1 Bb2 30. Rc2 Qxc6 31. dxc6 Rxd1 32. c7 Ba1 33. c8=Q Rbb1 34. f3 Rg1+
35. Kf2 Rh1 36. Qc7+ Kf8 37. Qd8+ Kf7 38. Bd5+ Nxd5 39. Qxd5+ Kg7 40. Qd7+ Kg8
41. fxe4 Rh2+ 42. Kf3 Rxc2 43. Qe6+ Kg7 44. exf5 gxf5 45. Qe7+ Kg8 46. Qe6+ Kg7
47. Qxf5 Rf1+ 48. Ke4 Rc4+ 49. Kd5 Rb4 50. Kc6 Rbb1 51. Qd7+ Kg6 52. Qe6+ Kg7
53. f5 c4 54. e4 c3 55. f6+ Kg6 56. Qg4+ Kf7 57. Qg7+ 1-0

[Event "Norway Chess - Lampo iniziale"]
[Site "Stavanger"]
[Date "05.06.2017"][Round "L8"]
[White "Anand, Viswanathan"]
[Black "So, Wesley"]
[Result "1/2-1/2"]
[WhiteTitle "GM"]
[BlackTitle "GM"]
[WhiteElo "2786"]
[BlackElo "2812"]
[WhiteFideId "5000017"]
[BlackFideId "5202213"]
[EventDate "2017.06.05"]

1. e4 e6 2. d4 d5 3. Nd2 c5 4. exd5 Qxd5 5. Ngf3 cxd4 6. Bc4 Qd6 7. O-O Nf6 8.
Nb3 Nc6 9. Nbxd4 Nxd4 10. Qxd4 Qxd4 11. Nxd4 Bd7 12. Be2 Bc5 13. Rd1 Rc8 14. c4
O-O 15. Be3 e5 16. Nc2 Bf5 17. Bxc5 Rxc5 18. Ne3 Be6 19. b4 Rc7 20. c5 Ne4 21.
Rac1 Rfc8 22. Bf3 Nf6 23. Bd5 Nxd5 24. Nxd5 Bxd5 25. Rxd5 f6 26. Rcd1 1/2-1/2

[Event "Norway Chess - Lampo iniziale"]
[Site "Stavanger"]
[Date "05.06.2017"][Round "L8"]
[White "Aronian, Levon"]
[Black "Kramnik, Vladimir"]
[Result "1/2-1/2"]
[WhiteTitle "GM"]
[BlackTitle "GM"]
[WhiteElo "2793"]
[BlackElo "2808"]
[WhiteFideId "13300474"]
[BlackFideId "4101588"]
[EventDate "2017.06.05"]

1. d4 Nf6 2. c4 e6 3. Nf3 d5 4. Nc3 c5 5. cxd5 Nxd5 6. e4 Nxc3 7. bxc3 cxd4 8.
cxd4 Bb4+ 9. Bd2 Bxd2+ 10. Qxd2 O-O 11. Rc1 b6 12. Bd3 Bb7 13. O-O Nd7 14. Qe3
Nf6 15. Ne5 Qe7 16. f3 Rfd8 17. Bb5 Rac8 18. a4 h6 19. h3 Ne8 20. Nc6 Bxc6 21.
Bxc6 Nd6 22. d5 e5 23. Qa3 Qg5 24. a5 b5 25. Qc5 Rc7 26. a6 f5 27. Rce1 fxe4 28.
fxe4 Qd2 29. Qf2 Qxf2+ 30. Kxf2 Rb8 31. Ke3 Rb6 32. Ra1 b4 33. Rfb1 Rf7 34. Ra4
b3 35. Rb2 h5 36. Kd3 Rf4 37. Bd7 Kh7 38. Ke3 h4 39. Bg4 Rf7 40. Be2 Rc7 41. Bd3
Rc8 42. Kd2 Kg6 43. Ra3 Rcb8 44. Kc3 Rc8+ 45. Kd2 Rcb8 46. Kc3 Rc8+ 47. Kd2 Rcb8 1/2-1/2

[Event "Norway Chess - Lampo iniziale"]
[Site "Stavanger"]
[Date "05.06.2017"][Round "L9"]
[White "So, Wesley"]
[Black "Carlsen, Magnus"]
[Result "0-1"]
[WhiteTitle "GM"]
[BlackTitle "GM"]
[WhiteElo "2812"]
[BlackElo "2832"]
[WhiteFideId "5202213"]
[BlackFideId "1503014"]
[EventDate "2017.06.05"]

1. Nf3 e6 2. d4 f5 3. g3 Nf6 4. Bg2 d5 5. c4 Bd6 6. Nc3 c6 7. Bf4 Bxf4 8. gxf4
O-O 9. e3 Nbd7 10. Qb3 b6 11. Ng5 Nb8 12. O-O-O Kh8 13. Kb1 Qe7 14. Rc1 h6 15.
Nf3 Nbd7 16. cxd5 cxd5 17. Ne5 Nxe5 18. fxe5 Ne4 19. Rc2 Ba6 20. Bf1 Bxf1 21.
Rxf1 Rac8 22. f4 Nxc3+ 23. Rxc3 Rxc3 24. Qxc3 Qh4 25. Qa3 Rc8 26. Qxa7 Qxh2 27.
a3 Qg2 28. Re1 Qf2 29. Rh1 Qxe3 30. Ka2 Qxd4 31. Qd7 Qc4+ 32. Ka1 d4 33. Rg1 Rg8
34. Rd1 d3 35. Rxd3 Qxf4 36. Qd6 Qc1+ 37. Ka2 Qc4+ 38. Ka1 f4 39. Rc3 Qd5 40.
Qxb6 Qxe5 41. a4 Rf8 42. Qb4 Kg8 43. Rf3 Qf5 44. Qc4 Kh7 0-1

[Event "Norway Chess - Lampo iniziale"]
[Site "Stavanger"]
[Date "05.06.2017"][Round "L9"]
[White "Vachier-Lagrave, Maxime"]
[Black "Giri, Anish"]
[Result "1-0"]
[WhiteTitle "GM"]
[BlackTitle "GM"]
[WhiteElo "2796"]
[BlackElo "2771"]
[WhiteFideId "623539"]
[BlackFideId "24116068"]
[EventDate "2017.06.05"]

1. e4 c5 2. Nf3 d6 3. Bb5+ Nd7 4. O-O a6 5. Bd3 Ngf6 6. Re1 e6 7. c3 b5 8. a4
Bb7 9. Bc2 c4 10. d4 cxd3 11. Qxd3 Nc5 12. Qe2 bxa4 13. e5 dxe5 14. Nxe5 Be7 15.
Rd1 Qc8 16. Rxa4 Nxa4 17. Bxa4+ Kf8 18. Na3 Bxa3 19. bxa3 Ke7 20. Qb2 a5 21. Be3
Kf8 22. c4 h5 23. Bg5 Ne4 24. Rd8+ Qxd8 25. Bxd8 1-0

[Event "Norway Chess - Lampo iniziale"]
[Site "Stavanger"]
[Date "05.06.2017"][Round "L9"]
[White "Caruana, Fabiano"]
[Black "Aronian, Levon"]
[Result "1/2-1/2"]
[WhiteTitle "GM"]
[BlackTitle "GM"]
[WhiteElo "2808"]
[BlackElo "2793"]
[WhiteFideId "2020009"]
[BlackFideId "13300474"]
[EventDate "2017.06.05"]

1. e4 e5 2. Nf3 Nc6 3. Bc4 Bc5 4. O-O Nf6 5. d3 O-O 6. a4 a5 7. Bg5 h6 8. Bh4
Be7 9. Bg3 d6 10. h3 Nd7 11. Re1 Kh8 12. c3 Nb6 13. Bb3 f5 14. exf5 Bxf5 15. d4
e4 16. Nfd2 d5 17. f3 Bh4 18. Bxh4 Qxh4 19. Qe2 Bxh3 20. fxe4 Bxg2 21. Kxg2 Qg5+
22. Kh1 Qh4+ 23. Kg2 Qg5+ 24. Kh1 Qh4+ 25. Kg2 1/2-1/2

[Event "Norway Chess"][Site "Stavanger"]
[Date "06.06.2017"]
[Round "1"]
[White "Vachier-Lagrave, Maxime"]
[Black "Anand, Viswanathan"]
[Result "1/2-1/2"]
[WhiteTitle "GM"]
[BlackTitle "GM"]
[WhiteElo "2796"]
[BlackElo "2786"]
[WhiteFideId "623539"]
[BlackFideId "5000017"]
[EventDate "2017.06.06"]

1. e4 c6 2. d4 d5 3. e5 c5 4. Ne2 Nc6 5. c3 Bg4 6. h3 Bxe2 7. Bxe2 e6 8. O-O Qb6
9. dxc5 Bxc5 10. b4 Be7 11. Be3 Qc7 12. f4 Nh6 13. Na3 a6 14. Bd3 O-O 15. Nc2 f6
16. Nd4 Nxd4 17. Bxd4 fxe5 18. Bxe5 Bd6 19. Bxd6 Qxd6 20. Qd2 Nf5 21. Rae1 Rac8
22. Re5 Rf6 23. Rfe1 g6 24. Bxf5 gxf5 25. Qe3 Rc6 26. a4 Qc7 27. c4 Rxc4 28.
Rxe6 Re4 29. Qg3+ Qg7 30. Re8+ Rf8 31. Qxg7+ Kxg7 32. R1xe4 fxe4 33. Rxf8 Kxf8
34. Kf2 d4 35. g4 Kf7 36. h4 h5 37. gxh5 Kf6 38. h6 Kg6 39. f5+ Kxh6 40. a5 Kh5
41. Ke2 Kh6 42. Kf2 Kh5 43. Ke2 Kh6 44. Kf2 1/2-1/2

[Event "Norway Chess"][Site "Stavanger"]
[Date "06.06.2017"]
[Round "1"]
[White "Kramnik, Vladimir"]
[Black "Karjakin, Sergey"]
[Result "1/2-1/2"]
[WhiteTitle "GM"]
[BlackTitle "GM"]
[WhiteElo "2808"]
[BlackElo "2781"]
[WhiteFideId "4101588"]
[BlackFideId "14109603"]
[EventDate "2017.06.06"]

1. e4 e5 2. Nf3 Nc6 3. Bc4 Bc5 4. O-O Nf6 5. d3 O-O 6. a4 a6 7. c3 d5 8. exd5
Nxd5 9. Nbd2 Kh8 10. Re1 f6 11. d4 Ba7 12. dxe5 Nxe5 13. Nxe5 fxe5 14. Nf3 c6
15. Bg5 Qb6 16. Bxd5 cxd5 17. Be3 Qxb2 18. Bxa7 Rxa7 19. Qxd5 b6 20. Rab1 Qxc3
21. Rxb6 Raf7 22. Qxe5 Qxe5 23. Rxe5 Bg4 24. Re3 Kg8 25. Ne5 Rxf2 26. h3 Bc8 27.
Nc6 Rf1+ 28. Kh2 R1f6 29. a5 h6 30. Ne7+ Kf7 31. Nc6 Kg8 32. Rc3 Kh7 33. Ne7 Bd7
34. Nd5 Rf5 35. Rd6 Bb5 36. Nc7 Bf1 37. Rd7 Rf2 38. Rg3 R8f7 39. Rxf7 Rxf7 40.
Rc3 Rf5 41. Rc1 Bd3 42. Rc3 Bf1 43. Rc1 Bd3 44. Rc3 Bf1 1/2-1/2

[Event "Norway Chess"][Site "Stavanger"]
[Date "06.06.2017"]
[Round "1"]
[White "Carlsen, Magnus"]
[Black "So, Wesley"]
[Result "1/2-1/2"]
[WhiteTitle "GM"]
[BlackTitle "GM"]
[WhiteElo "2832"]
[BlackElo "2812"]
[WhiteFideId "1503014"]
[BlackFideId "5202213"]
[EventDate "2017.06.06"]

1. e4 e5 2. Nf3 Nc6 3. Bc4 Bc5 4. O-O Nf6 5. d3 O-O 6. h3 d6 7. c3 a6 8. a4 Be6
9. Bxe6 fxe6 10. b4 Ba7 11. Be3 Bxe3 12. fxe3 Ne7 13. Nbd2 Ng6 14. d4 Qe7 15.
Qb3 Kh8 16. b5 axb5 17. axb5 exd4 18. cxd4 e5 19. Rxa8 Rxa8 20. Rc1 exd4 21.
exd4 Nxe4 22. Nxe4 Qxe4 23. Rxc7 Rf8 24. Qc2 Qd5 25. Qc4 Qxc4 26. Rxc4 Kg8 27.
b6 h6 28. Nd2 Nf4 29. Rc7 Rf7 30. Nc4 Nd5 31. Rc8+ Rf8 32. Rxf8+ Kxf8 33. Nxd6
Nxb6 34. Nxb7 Ke7 35. Kf2 Ke6 36. Ke3 Kd5 37. Na5 Na4 38. Nb3 Nb2 39. Nd2 Nd1+
40. Ke2 Nb2 41. Nb3 Kc4 42. Nc5 Kxd4 43. Ne6+ Ke4 44. Nxg7 Nc4 45. Kf2 Kf4 46.
g3+ Ke4 47. g4 Kf4 48. Nh5+ Kg5 49. Kg3 Ne5 50. Nf4 Kf6 51. Kh4 Ng6+ 52. Kg3
Nxf4 53. Kxf4 Kg6 54. h4 Kf6 55. Kf3 Kf7 56. Ke3 Ke7 57. Kd3 Kd7 58. Kc4 Ke6 59.
Kd4 Kd6 60. Ke4 Ke6 61. Kf4 Kf6 62. Ke4 Ke6 63. Kf4 Kf6 1/2-1/2

[Event "Norway Chess"][Site "Stavanger"]
[Date "06.06.2017"]
[Round "1"]
[White "Aronian, Levon"]
[Black "Caruana, Fabiano"]
[Result "1/2-1/2"]
[WhiteTitle "GM"]
[BlackTitle "GM"]
[WhiteElo "2793"]
[BlackElo "2808"]
[WhiteFideId "13300474"]
[BlackFideId "2020009"]
[EventDate "2017.06.06"]

1. d4 d5 2. c4 dxc4 3. e3 Nf6 4. Bxc4 e6 5. Nf3 c5 6. O-O a6 7. b3 Nbd7 8. Bb2
b5 9. Be2 Bb7 10. a4 b4 11. Nbd2 Be7 12. Rc1 O-O 13. dxc5 Bxc5 14. Ne5 Rc8 15.
Bf3 Nd5 16. Nxd7 Qxd7 17. Nc4 Qe7 18. Qe2 Ba7 19. g3 Bb8 20. Rfd1 Rfd8 21. Bg2
Bc7 22. Qg4 f6 23. h4 a5 24. Rd2 Ba6 25. Rdc2 Rb8 26. h5 Rd7 27. Qh4 Rf8 28. Bh3
Bb7 29. Bd4 Qf7 30. Rd2 h6 31. Qg4 Re8 32. Qg6 Red8 33. Bg2 Ba6 34. Be4 Qxg6 35.
hxg6 Ne7 36. Bc5 f5 37. Bxe7 Rxe7 38. Bf3 Rxd2 39. Nxd2 Kf8 40. Rc5 Rd7 41. Nc4
Bxc4 42. Rxc4 Ke7 43. Rc6 Bd8 44. Be2 Rd6 45. Rxd6 Kxd6 46. Bc4 e5 47. f4 Bb6
48. Kf2 exf4 49. gxf4 h5 50. Kf3 h4 51. Bf1 Ke6 52. e4 fxe4+ 53. Kxe4 Kf6 54. f5
Bd8 55. Bh3 Bb6 56. Bf1 Bd8 57. Bh3 Bb6 58. Bf1 1/2-1/2

[Event "Norway Chess"][Site "Stavanger"]
[Date "07.06.2017"]
[Round "2"]
[White "Giri, Anish"]
[Black "Karjakin, Sergey"]
[Result "1/2-1/2"]
[WhiteTitle "GM"]
[BlackTitle "GM"]
[WhiteElo "2771"]
[BlackElo "2781"]
[WhiteFideId "24116068"]
[BlackFideId "14109603"]
[EventDate "2017.06.06"]

1. d4 Nf6 2. c4 e6 3. Nf3 d5 4. Nc3 Be7 5. Bf4 O-O 6. e3 c5 7. dxc5 Bxc5 8. cxd5
Nxd5 9. Nxd5 exd5 10. Bd3 Bb4+ 11. Nd2 Nc6 12. O-O Be7 13. a3 Bf6 14. Nf3 Qe7
15. h3 g6 16. Qd2 Be6 17. Rac1 Rfd8 18. b4 a6 19. Rc2 Qd7 20. Rfc1 Bf5 21. Bxf5
Qxf5 22. Bc7 Rd7 23. Bb6 Qe4 24. Rd1 Bd8 25. Bc5 Bc7 26. Qd3 Rad8 27. Rcd2 Qxd3
28. Rxd3 f6 29. b5 axb5 30. Rb3 b6 31. Bd4 Nxd4 32. Nxd4 Bd6 33. Rxb5 Bxa3 34.
Rxb6 Kf7 35. Rb5 h5 36. g4 hxg4 37. hxg4 Rc8 38. Kg2 Bf8 39. Kf3 Rcc7 40. Ne2
Rc5 41. Rb6 Rc8 42. Nf4 Rcd8 43. g5 Rd6 44. Rb7+ R8d7 45. Rxd7+ Rxd7 46. gxf6
Kxf6 47. Kg4 d4 48. exd4 Bc5 49. Ne2 Rd5 50. Kf3 Rf5+ 51. Ke3 Bf8 52. Ng3 Ra5
53. Kf3 Ra3+ 54. Kg4 Ra4 55. Ne4+ Kf7 56. f3 Be7 57. d5 Bf6 58. Rb1 Rd4 59. Rb7+
Kf8 60. Rb5 Be7 61. Kf4 Rd3 62. Nc5 Bd6+ 63. Ke4 Rd1 64. Nd7+ Ke7 65. Rb7 Re1+
66. Kd3 Bh2 67. Nb6+ Kf6 68. Rh7 Bf4 69. Nc4 Kg5 70. Rf7 Rd1+ 71. Ke4 Re1+ 72.
Kd4 Rd1+ 73. Kc5 Rc1 74. Kd4 Rd1+ 75. Kc5 Rc1 76. Kd4 1/2-1/2

[Event "Norway Chess"][Site "Stavanger"]
[Date "07.06.2017"]
[Round "2"]
[White "Caruana, Fabiano"]
[Black "Carlsen, Magnus"]
[Result "1/2-1/2"]
[WhiteTitle "GM"]
[BlackTitle "GM"]
[WhiteElo "2808"]
[BlackElo "2832"]
[WhiteFideId "2020009"]
[BlackFideId "1503014"]
[EventDate "2017.06.06"]

1. e4 e5 2. Nf3 Nc6 3. Bb5 a6 4. Ba4 Nf6 5. O-O Be7 6. Re1 b5 7. Bb3 O-O 8. a4
Bb7 9. d3 d5 10. exd5 Nxd5 11. Nbd2 f6 12. c3 Kh8 13. axb5 axb5 14. Rxa8 Bxa8
15. Ne4 b4 16. d4 bxc3 17. bxc3 exd4 18. Nxd4 Nxd4 19. cxd4 Bb4 20. Bd2 Bxd2 21.
Qxd2 Re8 22. h3 Nb6 23. Nc5 Bd5 24. Bxd5 Nxd5 25. Ne6 Qd7 26. Nc5 Qf7 27. Re2
Rb8 28. Re1 Re8 29. Re4 Rxe4 30. Nxe4 h6 31. Nc3 Qe6 32. Nxd5 Qxd5 33. Qe3 Kg8
34. Qe8+ Kh7 35. Qe3 c6 36. h4 Kg6 37. Qe8+ Kh7 38. h5 Qxd4 39. Qg6+ Kg8 40.
Qe8+ Kh7 41. Qg6+ Kg8 42. Qe8+ Kh7 1/2-1/2

[Event "Norway Chess"][Site "Stavanger"]
[Date "07.06.2017"]
[Round "2"]
[White "So, Wesley"]
[Black "Vachier-Lagrave, Maxime"]
[Result "1/2-1/2"]
[WhiteTitle "GM"]
[BlackTitle "GM"]
[WhiteElo "2812"]
[BlackElo "2796"]
[WhiteFideId "5202213"]
[BlackFideId "623539"]
[EventDate "2017.06.06"]

1. d4 Nf6 2. c4 g6 3. g3 c6 4. Nf3 Bg7 5. Bg2 d5 6. b3 O-O 7. Bb2 c5 8. dxc5
dxc4 9. O-O Qc7 10. Qc1 Qxc5 11. Na3 Qh5 12. Nxc4 Nc6 13. Qg5 Qxg5 14. Nxg5 Bd7
15. Rfd1 Rfd8 16. Nf3 Be6 17. Nfe5 Rxd1+ 18. Rxd1 Rd8 19. Rxd8+ Nxd8 20. Nd3 Nd5
21. Ba3 Kf8 22. Nc5 Nc3 23. Nxe6+ fxe6 24. Kf1 Nxa2 25. Na5 b6 26. Nc6 Nxc6 27.
Bxc6 Be5 28. e3 Bd6 29. Bb2 Nb4 30. Be4 Kf7 31. Ke2 Nd5 32. Bd3 e5 33. h4 Nf6
34. Bb5 e6 35. Bc6 Nd5 36. Kf3 h5 37. Ke4 Nf6+ 38. Kd3 Ng4 39. Ke2 Nf6 40. Kd3
Ng4 41. Ke2 Nf6 42. Kd3 Ng4 43. Ke2 1/2-1/2

[Event "Norway Chess"][Site "Stavanger"]
[Date "08.06.2017"]
[Round "3"]
[White "Vachier-Lagrave, Maxime"]
[Black "Caruana, Fabiano"]
[Result "1/2-1/2"]
[WhiteTitle "GM"]
[BlackTitle "GM"]
[WhiteElo "2796"]
[BlackElo "2808"]
[WhiteFideId "623539"]
[BlackFideId "2020009"]
[EventDate "2017.06.06"]

1. e4 e5 2. Nf3 Nf6 3. Nxe5 d6 4. Nf3 Nxe4 5. d4 d5 6. Bd3 Bd6 7. O-O O-O 8. c4
c6 9. Re1 Bf5 10. Qb3 Qd7 11. Nc3 Nxc3 12. Bxf5 Qxf5 13. bxc3 b6 14. cxd5 cxd5
15. Qb5 Qd7 16. Rb1 Rc8 17. g3 Bf8 18. Bd2 Nc6 19. Ne5 Nxe5 20. Rxe5 Rd8 21.
Qxd7 Rxd7 22. Rb5 Rad8 23. a4 Be7 24. a5 bxa5 25. Rxa5 f6 26. Re6 Rb8 27. Rea6
Rbb7 28. Kf1 Kf7 29. Ke2 Bd8 30. Ra2 Bb6 31. Bc1 Rbc7 32. Kd3 Re7 33. Bf4 Rc8
34. Bd6 Re1 35. Bc5 Bxc5 36. dxc5 Rxc5 37. Rxa7+ Kg6 38. R7a5 Rxa5 39. Rxa5 Rf1
40. f4 Rd1+ 41. Kc2 Rh1 42. Rxd5 Rxh2+ 43. Rd2 Rxd2+ 44. Kxd2 Kf5 45. Ke3 h5 46.
Kf3 g5 47. fxg5 fxg5 48. g4+ hxg4+ 49. Kg3 Ke4 50. Kxg4 Kd3 51. Kxg5 Kxc3 1/2-1/2

[Event "Norway Chess"][Site "Stavanger"]
[Date "08.06.2017"]
[Round "3"]
[White "Kramnik, Vladimir"]
[Black "So, Wesley"]
[Result "1/2-1/2"]
[WhiteTitle "GM"]
[BlackTitle "GM"]
[WhiteElo "2808"]
[BlackElo "2812"]
[WhiteFideId "4101588"]
[BlackFideId "5202213"]
[EventDate "2017.06.06"]

1. e4 e5 2. Nf3 Nc6 3. Bc4 Bc5 4. O-O Nf6 5. d3 O-O 6. h3 d6 7. c3 a6 8. Re1 Ba7
9. Bb3 h6 10. Nbd2 Re8 11. Nf1 Be6 12. Be3 Bxe3 13. Nxe3 Qd7 14. Bxe6 Qxe6 15.
c4 Ne7 16. Nd5 Nexd5 17. cxd5 Qd7 18. d4 c6 19. dxc6 Qxc6 20. Rc1 Qb6 21. Re3
exd4 22. Rb3 Qa5 23. Rxb7 Qxa2 24. Rcc7 Rab8 25. Rxf7 Rxb7 26. Rxb7 Rxe4 27.
Rb8+ Kf7 28. Rb6 a5 29. Qd3 d5 30. Rb7+ Kg8 31. Rb8+ Re8 32. Rb7 Re4 33. Nxd4
Qc4 34. Qxc4 dxc4 35. Nf5 Re5 36. g4 Ne8 37. Kg2 Rc5 38. Ra7 Nc7 39. f3 Ne6 40.
Re7 Re5 41. Re8+ Kh7 42. Kf1 Kg6 43. Nd6 Kf6 44. Ne4+ Kf7 45. Nd6+ Kf6 46. Nxc4
Rc5 47. Ne3 Rb5 48. Nc4 Rc5 49. Ne3 Rb5 50. Nd1 Rb3 51. Kf2 Kf7 52. Ra8 Ng5 53.
Rxa5 Rxf3+ 54. Kg2 Rd3 55. Nf2 Rd2 56. Rf5+ Ke6 57. b4 Rb2 58. Rf4 Ke5 59. Rf8
Kd6 60. Rf4 Ne6 61. Re4 Kd5 62. Re3 Rxb4 63. Kg3 Rd4 64. h4 Rc4 65. Nd3 Re4 66.
Rxe4 Kxe4 67. Nf2+ Ke3 68. Nd1+ Ke4 69. Nf2+ Ke3 70. Nd1+ Ke4 71. Nf2+ 1/2-1/2